Alvear y la diplomacia de 1824-1825 (Registro nro. 297680)
[ vista simple ]
| 000 -ENCABEZADO | |
|---|---|
| Número de control [NR] | 01312nam a22002537a 4500 |
| 005 - FECHA Y HORA DE LA ÚLTIMA TRANSACCIÓN | |
| control field | 20141110152632.0 |
| 008 - DE LONGITUD FIJA DE DATOS DE ELEMENTOS - INFORMACIÓN GENERAL | |
| Elementos de longitud fija [NR] | 141107s1926 ag ||||fr|||| 001 0 spa d |
| 040 ## - FUENTE DE CATALOGACION [NR] | |
| Quien Cataloga | Sandra Yazo |
| Quien Clasifica | Sandra Yazo |
| 041 0# - CODIGO DE IDIOMA [R] | |
| Código de idioma para texto/pista de sonido o título separado [R] | Español |
| 082 04 - NUMERO DE CLASIFICACION DECIMAL DEWEY [R] | |
| Número de la edición [NR] | 20 |
| Número de clasificación [R] | 982 |
| 092 ## - SIGNATURA TOPOGRAFICA LOCAL | |
| Número de clasificación local | E34N022 |
| 100 1# - ASIENTO PRINCIPAL--NOMBRE PERSONAL [NR] | |
| Nombre personal [NR] | Correa Luna, Carlos |
| ID Autoridad | 65779 |
| 245 10 - MENCION DE TITULO [NR] | |
| Título [NR] | Alvear y la diplomacia de 1824-1825 |
| Parte restante del título [NR] | En inglaterra, Estados Unidos y Alto Perú, con Canning, Monroe, Quincy Adams, Bolivar y Sucre. |
| Mención de responsabilidad, etc. [NR] | por Carlos Correa Luna |
| 260 ## - PUBLICACION, DISTRIBUCION, ETC. (PIE DE IMPRENTA) [R] | |
| Lugar de publicación, distribución, etc. [R] | Buenos Aires (Argentina) |
| Nombre del editor, distribuidor, etc. [R] | M. Gleizer - Editor |
| Fecha de publicación, distribución, etc. [R] | 1926 |
| 300 ## - DESCRIPCION FISICA [R] | |
| Extensión [R] | 111, [14] páginas |
| Dimensiones [R] | 19 x 14 cm. |
| 500 ## - NOTA GENERAL [R] | |
| Nota general [NR] | Detales físicos: Encuadernación rígida en cartón forrada en papel. Lomo en tela con adornos en dorado. Guardas. Anteportada. Portada impresa en una sola tinta. Texto impreso en una sola columna, algunas ilustraciones entre el texto. |
| 505 #0 - NOTA DE CONTENIDO CON FORMATO PREESTABLECIDO [R] | |
| Nota de contenido con formato preestablecido [NR] | Alvear en Inglaterra ; La misión en Estados Unidos ; La cuestión oriental y Quincy Adams , Alrededor de Colombia y del conflicto brasileño ; Los efectos de Ayacucho en Buenos Aires |
| 506 ## - NOTA DE RESTRICCIONES DE ACCESO [R] | |
| Condiciones de acceso [NR] | Consulta en sala |
| 600 14 - ASIENTO SECUNDARIO DE MATERIA - NOMBRE PERSONAL [R] | |
| Nombre personal [NR] | Alvear, Carlos María de |
| Fechas asociadas con el nombre [NR] | 1789-1852 |
| 9 (RLIN) | 65667 |
| 650 #7 - ASIENTO SECUNDARIO DE MATERIA - TERMINO TEMATICO [R] | |
| Término temático o nombre geográfico como elemento de entrada [NR] | Historia |
| 9 (RLIN) | 62638 |
| Subdivisión geográfica [R] | Argentina |
| 650 #7 - ASIENTO SECUNDARIO DE MATERIA - TERMINO TEMATICO [R] | |
| Término temático o nombre geográfico como elemento de entrada [NR] | Diplomacia |
| 9 (RLIN) | 13310 |
| Subdivisión geográfica [R] | Argentina |
| 690 ## - ASUNTO AGREGADO LOCAL DE ENTRADA - TÉRMINO TEMÁTICO (OCLC, RLIN) | |
| 9 (RLIN) | 42842 |
| Acceso temático local | Historia de América |
| 942 ## - ELEMENTOS DE ENTRADA AGREGADOS (KOHA) | |
| Sistema de clasificación | LOCAL |
| Tipo de ítem principal el descrito en 300a | Libro |
| Edición | 1 |
| Clasificación | E34N022 |
| Suprimido | Perdido | Sistema de clasificación | Dañado | No prestable | Tipo de ítem específico | Ubicación habitual | Ubicación actual | Localización | Fecha de creación | Forma de adquisición | Costo | Total préstamos | Signatura topográfica | Código de barras | Última vez visto | Ejemplar | Price effective from | Tipo de ítem |
|---|---|---|---|---|---|---|---|---|---|---|---|---|---|---|---|---|---|---|
| LOCAL | Libro archivo | Archivo Histórico | Archivo Histórico | Archivo histórico | 10/11/2014 | Donación | 0.00 | E34N022 | L004709 | 10/11/2014 | Ej.1 | 10/11/2014 | Libro |